000 01103cam a2200325 i 4500
001 23480
003 BD-RjUL
005 20211209000933.0
008 140311s1980 cc a 000 0 eng
035 _a(BD-RjUL)23545
040 _aDLC
_cDLC
_dDLC
_dBD-RjUL
_beng
041 1 _aeng
_hchi
082 0 0 _a895.135
_219
_bLUL V-3 1980
100 1 _aLu, Xun,
_d1881-1936.
_967449
245 1 0 _aLu Xun, selected works /
_ctranslated by Yang Xianyi and Gladys Yang.
_nVolume Three
250 _a3rd ed.
260 _aBeijing :
_bForeign Languages Press,
_c1980.
300 _a4 v. :
_bill. ;
_c22 cm.
500 _aOriginally published in 1956-1960 under title: Selected works of Lu Hsun.
500 _aOn verso of t.p., v. 1: 2nd ed.; v. 2-4: 3rd ed.
504 _a"A brief chronology of Lu Xun's life and writing": v. 4, p. 335-343.
600 1 0 _aLu, Xun,
_d1881-1936
_967449
700 1 _aYang, Xianyi,
_d1915-2009.
_972306
700 1 _aYang, Gladys.
_972307
942 _2ddc
_cBK
987 _aPINYIN
_bDLC
_c20021016
_dc
999 _c23480
_d23480